书目信息 |
| 题名: |
影视接受心理
|
|
| 作者: | 秦俊香 著 | |
| 分册: | ||
| 出版信息: | 北京 中国传媒大学出版社 2006 |
|
| 页数: | 219页 | |
| 开本: | 21cm | |
| 丛书名: | 影视艺术创作与应用理论书系 | |
| 单 册: | ||
| 中图分类: | J90-05 | |
| 科图分类: | ||
| 主题词: | 电影学--接受学--艺术心理学 , 电视--接受学--艺术心理学 | |
| 电子资源: | ||
| ISBN: | 7-81085-717-7 | |
| 000 | 00858oam2 2200253 450 | |
| 001 | 1552965261 | |
| 005 | 20150118144310.26 | |
| 010 | @a7-81085-717-7@dCNY19.80 | |
| 100 | @a20060529d2006 em y0chiy50 ea | |
| 101 | 0 | @achi |
| 102 | @aCN@b110000 | |
| 105 | @ay z 000yy | |
| 200 | 1 | @a影视接受心理@9ying shi jie shou xin li@f秦俊香著 |
| 210 | @a北京@c中国传媒大学出版社@d2006 | |
| 215 | @a219页@d21cm | |
| 225 | 2 | @a影视艺术创作与应用理论书系 |
| 330 | @a本书从心理学、美学和传播学等角度分别论述了传播媒介样式、时代地域、接受主体、接受客体及影视创作等与影视接受心理之间的关系。 | |
| 461 | 0 | @12001 @a影视艺术创作与应用理论书系 |
| 606 | 0 | @a电影学@x接受学@x艺术心理学 |
| 606 | 0 | @a电视@x接受学@x艺术心理学 |
| 690 | @aJ90-05@v5 | |
| 701 | 0 | @a秦俊香@9qin jun xiang@c(女,@f1963~)@4著 |
| 801 | 0 | @aCN@bTSSF@c20150118 |
| 905 | @aZUCC@dJ90-05@eJY25 | |
| 影视接受心理/秦俊香著.-北京:中国传媒大学出版社,2006 |
| 219页;21cm.-(影视艺术创作与应用理论书系) |
| ISBN 7-81085-717-7:CNY19.80 |
| 本书从心理学、美学和传播学等角度分别论述了传播媒介样式、时代地域、接受主体、接受客体及影视创作等与影视接受心理之间的关系。 |
| ● |
| 相关链接 |
|
|
|
|
正题名:影视接受心理
索取号:J90-05/JY25
 
预约/预借
| 序号 | 登录号 | 条形码 | 馆藏地/架位号 | 状态 | 备注 |
| 1 | 7848760 | 278487601 | 学院路分馆/ [索取号:J90-05/JY25] | 在馆 | |
| 2 | 7848761 | 278487610 | 学院路分馆/ [索取号:J90-05/JY25] | 在馆 |